LEADER 00900nam a2200229 i 4500 001 991004369938107536 005 20250303171003.0 008 250303s1940 fr er 001 0 fre d 040 $aBibl. Dip.le Aggr. Studi Umanistici - Sez. Filosofia$bita$cSocioculturale Scs 041 1 $afre$hgrc 082 04$a884.01$223 245 00$aHésiode et les poètes élégiaques et moralistes de la Grèce :$bArchiloque, Callinos, Semonide, Tyrtée ... /$ctraduction nouvelle avec des notices, des notes et un index par E. Bergougnan 260 $aParis :$bGarnier ,$c1940 300 $a334 p. ;$c19 cm 490 1 $aClassiques Garnier 650 4$aPoeti greci$vAntologie 650 4$aElegie greche$vAntologie 700 1 $aBergougnan, Élie 830 0$aClassiques Garnier 912 $a991004369938107536 996 $aHÉSIODE et les poètes èlègiaques et moralistes de la Grèce$9528969 997 $aUNISALENTO